000
00286nam a22001217a 4500
008
180925b xxu||||| |||| 00| 0 eng d
041
_a
eng
080
_a
159.9
100
_a
47
101
_a
PSI
245
_a
ThE Social Psychology Of Social Movements
_c
Toch.h
942
_2
udc
_c
BK
999
_c
48430
_d
48430